000 00839nam a22002412 4500
001 0000023748
005 20151217161203.0
008 130321s xx 000 0 eng d
020 _a0830814515 :
040 _aKABU
_cKABU
245 1 0 _aDictionary of Biblical imagery /
_cgeneral editors: Leland Ryken, James C. Wilhoit, Tremper Longman III.
250 _a1st ed.
260 _aDowners Grove, IL :
_bInterVarsity Press,
_c1998.
300 _axxi, 1058 p.
630 0 0 _aBible
_vDictionaries
_xLanguage, style.
_@0000183441
650 0 _aSymbolism in the Bible
_vDictionaries.
_@0000183442
700 1 _aRyken, Leland.
_@0000159925
700 1 _aWilhoit, James C.
_@0000183381
700 1 _aLongman, Tremper.
_@0000160676
852 1 _9p2800 KES
908 _a130321
950 _@1
999 _c15294
_d15294